In Korean wilds and villages /

Bibliographic Details
Main Author: Bergman, Sten, 1895-1975
Format: Book
Language:English
Swedish
Published: London : Travel Book Club, 1938.
Subjects:

MARC

Tag First Indicator Second Indicator Subfields
LEADER 00000cam a2200000 i 4500
001 in00000622521
005 20151014171723.0
008 761207s1938 enkabf 00010 eng d
035 |a (OCoLC)02604336 
035 |9 ACS7277AM 
040 |a FDA  |c FDA  |d TXA  |d UtOrBLW 
041 1 |a eng  |a swe 
049 |a TXAM  |c [929257] 
090 |a DS902  |b .B42 1938a 
100 1 |a Bergman, Sten,  |d 1895-1975. 
245 1 0 |a In Korean wilds and villages /  |c by Sten Bergman ; translated by Frederic Whyte. 
264 1 |a London :  |b Travel Book Club,  |c 1938. 
300 |a 232 pages, 50 unnumbered leaves of plates :  |b illustrations, folded map. ;  |c 22 cm. 
336 |a text  |b txt  |2 rdacontent 
337 |a unmediated  |b n  |2 rdamedia 
338 |a volume  |b nc  |2 rdacarrier 
500 |a Translation of I morgonstillhetens land. 
651 0 |a Korea  |x Description and travel. 
999 |a MARS 
999 f f |s 1f3b7d38-862e-3536-a7ff-0d5b4bd6ef6d  |i 675d4116-b5cb-3a04-9828-c06261c4e0a0  |t 0 
952 f f |p normal  |a Texas A&M University  |b College Station  |c Sterling C. Evans Library  |d Evans: Library Stacks  |t 0  |e DS902 .B42 1938a  |h Library of Congress classification  |i unmediated -- volume  |m A14802080639 
998 f f |a DS902 .B42 1938a  |t 0  |l Evans: Library Stacks